| 000 | 00988nam a22002537a 4500 | ||
|---|---|---|---|
| 005 | 20240530110613.0 | ||
| 008 | 161123s2015 ua g b 000 0 ara d | ||
| 017 |
_a2014/5734 _bمصر . دار الكتب المصرية |
||
| 020 | _a9789774279096 | ||
| 040 | _aEG-CaGPL | ||
| 082 | 0 | 4 |
_221 _a128\ _bش ك |
| 100 | 0 | _aشريف عرفة | |
| 245 | 1 | 0 |
_aكيف تصبح انسانا ؟ : _bما بعد التنمية الذاتية / _cشريف عرفة ؛ تقديم احمد عكاشة |
| 250 | _aط. 8 | ||
| 260 |
_aالقاهرة : _bالدار المصرية اللبنانية ، _c2015 . |
||
| 300 |
_a357 ص. ؛ _c20 سم. |
||
| 504 | _aيشتمل على ارجاعات ببليوجرافية | ||
| 650 | 0 | 7 |
_2qrmak _aالتنمية البشرية |
| 650 | 0 | 7 |
_2qrmak _aالتنمية الاجتماعية |
| 650 | 0 | 7 |
_2qrmak _aالتطور الاجتماعي |
| 700 | 0 |
_aاحمد عكاشة _eمقدم |
|
| 942 |
_2ddc _cBK |
||
| 999 |
_c62907 _d62907 |
||